00418nam a2200157Ia 450000500170000000800410001702000220005804100120008008200150009210000220010724500420012925000080017126000380017950000080021765000350022520240823024447.0240823s9999||||xx |||||||||||||| ||und|| a978-93-80228-06-8 aENGLISH A332.024 P9 aKamal Pattacharya 4aThe Discipline of Business Management a1st c2009bGlobal India Publication Pv aYES aManagementbManagement Studies